000 01315cam a2200361 i 4500
999 _c9128
_d9128
001 9128
003 BD-JhCC
005 20180308192854.0
008 771103r19781950nyuaf 001 0aeng
020 _a0404147119
035 _a(BD-JhCC)9128
040 _aDLC
_cDLC
_dDLC
_dBD-JhCC
041 _aeng
050 0 0 _aPR5083
_b.A4 1978.
082 0 0 _a821/.8
_aB
_bmor 1978
100 1 _aMorris, William,
_d1834-1896.
245 1 4 _aThe letters of William Morris to his family and friends /
_cedited with introd. and notes by Philip Henderson.
260 _aNew York :
_bAMS Press,
_c1978.
300 _alxvii, 406 p., [3] leaves of plates :
_bill. ;
_c23 cm.
500 _aReprint of the 1950 ed. published by Longmans, Green, London.
500 _aIncludes indexes.
600 1 0 _aMorris, William,
_d1834-1896
_xCorrespondence.
650 0 _aMedievalism
_zEngland
_xHistory
_y19th century
_xSources.
650 0 _aAuthors, English
_y19th century
_xCorrespondence.
650 0 _aMedievalists
_zGreat Britain
_xCorrespondence.
650 0 _aSocialists
_zGreat Britain
_xCorrespondence.
650 0 _aDesigners
_zGreat Britain
_xCorrespondence.
650 0 _aMiddle Ages in literature
_xSources.
650 0 _aMiddle Ages in art
_xSources.
700 1 _aHenderson, Philip,
_d1906-
942 _2ddc
_cBK